Quizzes
Events
Quiz Creation
Community
Videos
Private Events
Remove Ads
Sign In
Join for FREE
Feedback
Dark Mode
Quiz Categories
Sports
Geography
Music
Movies
Television
Just For Fun
Miscellaneous
History
Literature
Language
Science
Gaming
Entertainment
Religion
Holiday
For Kids
Quiz Lab
Recent
Popular Today
Quiz Kudos Today
Editor Picks
Curator Picks
Quizzes by...
Day
Popularity
Type
Ratings
Length
Year
Community
Subscriptions
Recent Discussions
Orange Saloon
Badges
Playlists
Quests
Create
Leaderboards
Showdown
Live 5
Trivia Bingo
Activity
Puzzle Library
Sporcle Events
Private Events
Virtual Trivia
Globe League
Become a Host
Pub Owners
SporcleCon
Opinionation
Our Games
Videos
Blog
Mobile Apps
Partnerships
Remove Ads and Go Orange
Feedback
Gaming
Video Games
Board Games
Card Games
Pokémon
Mario
Nintendo
Minecraft
Console
Toys
Legend of Zelda
Gaming
Video Games
Board Games
Card Games
Pokémon
Mario
Nintendo
Minecraft
Console
Toys
Legend of Zelda
Random Quiz
Search Sporcle
×
Quiz Lab
Quiz Lab
Gaming
Video Games
Type in answers that appear in a list
Type in answers that appear in a list
Classic
Best Score? Go Orange.
RPGs by first boss Stats
Can you name the RPGs by first boss?
By
Kahran042
15m
61 Questions
92 Plays
92 Plays
92 Plays
Comments
Comments
Give Quiz Kudos
Give Quiz Kudos
-
- Ratings
hide this ad
More Info
Replay
Link that replays current quiz
Next Quiz
Link to next quiz in quiz playlist
You Got
0%
They Got
Avg Score
39%
Avg Friend Score
Upgrade to see
Score Distribution
Jump to the score distribution portion of the page
Score
0/61
Timer
15:00
0
Plays Today
First boss
Game
% Correct
Garland
Final Fantasy
94.6%
Jr. Troopa
Paper Mario
84.8%
Guard Scorpion
Final Fantasy VII
81.5%
Sinspawn Ammes
Final Fantasy X
81.5%
Whelk
Final Fantasy VI
81.5%
Wingraptor
Final Fantasy V
81.5%
Yakra
Chrono Trigger
81.5%
Prison Cage
Final Fantasy IX
79.3%
Ifrit
Final Fantasy VIII
78.3%
Mist Dragon
Final Fantasy IV
78.3%
Frog
Breath of Fire
68.5%
Frank
Earthbound
65.2%
Reconstructed Caribou
Mother 3
64.1%
Lord Crump
Paper Mario: The Thousand-Year Door
62%
Golem
Dragon Warrior VII/Suikoden
60.9%
Mama Komodo
Chrono Cross
60.9%
O'Chunks
Super Paper Mario
57.6%
Mantis Ant
Secret of Mana
56.5%
Saro's Shadow
Dragon Warrior IV
51.1%
Palo, Peach, Puti
Breath of Fire II
50%
Boss Ghost
Dragon Quest V
48.9%
Tower Guard
Dragon Quest VI
48.9%
Napstablook
Undertale
47.8%
Geyzer
Dragon Quest VIII
46.7%
Fruegel
The Legend of Dragoon
43.5%
Nue
Breath of Fire III
43.5%
Kham
Breath of Fire IV
40.2%
Mist Shade
Suikoden II
38%
Zombie
Wild ARMs
37%
Kalivos
Wild ARMs 2
34.8%
Rankar Dragon
Xenogears
33.7%
First boss
Game
% Correct
Hobgob Boss
Wild ARMs 3
32.6%
Du'Inke
Legend of Mana
31.5%
Antonio
Skies of Arcadia
30.4%
Igglanova
Phantasy Star IV
30.4%
Cyclops
Breath of Fire V: Dragon Quarter
29.3%
Castoth
Illusion of Gaia
28.3%
Slogra, Gaibon
Castlevania: Symphony of the Night
28.3%
Batista
Tales of Destiny
27.2%
Behemoth
Final Fantasy Mystic Quest
27.2%
Boar
Tales of Phantasia
27.2%
Fullmetal Hugger
Seiken Densetsu 3
27.2%
Caruban
Legend of Legaia
26.1%
Lyle
Phantasy Star III
26.1%
Thraxx
Secret of Evermore
26.1%
Guardian
Lunar 2: Eternal Blue
25%
Shadowkeeper
Terranigma
22.8%
Metal Mantis
Soul Blazer
19.6%
Dr. Gari
Secret of the Stars
12%
Gelatinoid
Alundra
9.8%
Romus
The 7th Saga
9.8%
Saline Slimer
Lunar: Silver Star Story
8.7%
Big Elephant
Eien no Filena
7.6%
Meta Crab
Robotrek
6.5%
Steam Knight
Brave Fencer Musashi
6.5%
Masked Boy
Jade Cocoon
5.4%
Alornso
Paladin's Quest
4.3%
Dedan
OFF
4.3%
Samson
Lagoon
4.3%
Stone Guardian
Arcana
2.2%
Gremlite
Great Greed
1.1%
Quiz Playlist
Details
Report
Send in Message
Add To Playlist
More Info:
Does not include unwinnable or unlosable battles, or regular enemies used as bosses.
Classic:
Type in answers that appear in a list
Last Updated: Jul 5, 2019
Quiz Scoreboard
CHALLENGE
Sign Up to Join the Scoreboard
Show All
Scores
Hide
Comments
May contain spoilers
Recently Published
9x9 Crossword: Cartoon Network
by jackfrog10
Miscellaneous
3m
College Basketball Coaching Resumes
by pancakes188
Sports
9m
Billboard Blitz: Fleetwood Mac
by CooCooCachoo
Music
15s
More to Explore
Quiz From the Vault
Featured Blog Post
Where Did the Easter Bunny Come From?
hide this ad
You Might Also Like...
Tags
Video Games Quiz
Gaming Bosses
rpg
RPGs
Today's Top Quizzes in Gaming
Browse Gaming
hide this ad
Today's Top Quizzes in Video Games
Browse Video Games
Top Contributed Quizzes in Gaming
1
5-to-1: Consoles
2
7-to-1: Board Game Piece Blitz
3
5-to-1: Legend of Zelda
4
League of Legends Pro Players by Career/Team History
5
Destiny 2 exotic weapons by perk icons
6
Ultimate Genshin Impact Logic Puzzle (up to 4.3)
7
Franchise by Action Figure
8
Who's on the WWE 2K24 Cover?
9
Genshin Impact Logic Puzzle Quiz
10
Order the Pokémon Regions
Explore More
Trending Topics
Harry Potter
Anime
NBA
Crossword
Kpop
Marvel
Disney
The Office
Puzzle
Soccer
NFL
Song
WWE
Pokémon
Country
hide this ad
More By:
Kahran042
Quiz
Plays
Rating
Category
Featured
Created
Char's Mobile Suits
1,447
5.00
Television
Dec 31, 2014
Clow Card Blitz
833
5.00
Television
Sep 1, 2014
Yet Another Anime Character Quiz
362
Television
Jun 9, 2014
RPGs by final boss
283
3.50
Gaming
Nov 7, 2014
RPGs by main character
277
4.80
Gaming
Feb 22, 2015
Go to Creator's Profile
Score Distribution
Quiz Creator Spotlight
Kahran042
Follow
Send a Message
Quizzes Created
-
Created Quiz Play Count
-
More By This Creator
Popular Quizzes Today
1
Find the US States - No Outlines Minefield
2
Find the Countries of Europe - No Outlines Minefield
3
The Countries of the World
4
Find the US States
5
Risky Map Clicking: Biggest States A-Z
6
US States
7
Popular People in 1961
8
Movies - When Are They Set?
More Gaming Quizzes
Aloy, This Is Your Life
Quiz Lab
Trending Quizzes
Risky Map Clicking: Least Populous States A-Z
1-10 Letter G Words
Risky Map Clicking: Next State Alphabetically
Adjectives in 80s TV Shows
Risky Map Clicking: Biggest States A-Z
Recently Updated
Leaping Animals
pecheneg
Reality TV Shows (A-Z)
bhenderson79
Rickey Henderson's Hall of Fame Teammates
pecheneg
Champions League XIs: Arsenal
pecheneg
Quick Pick: Celebrities in WWE's Hall of Fame
aduchscher
A-Z Keypad Blitz II
pecheneg
Multiple Oscar Actors
pecheneg
Mystery Phrase Blitz: Oscar 'Best Actors'
pecheneg
F. Scott Fitzgerald Novels
LTH
Pick 3 Villains
ddd62291
Trending Topics
Anime
Harry Potter
NBA
Kpop
Disney
Crossword
Marvel
Song
Country
Puzzle
WWE
Pokémon
The Office
Soccer
NFL
Your Account Isn't Verified!
In order to create a playlist on Sporcle, you need to verify the email address you used during registration. Go to your
Sporcle Settings
to finish the process.
Report this User
Report this user for behavior that violates our
Community Guidelines
.
Details:
Send Report
Go to the Sporcle.com Mobile Site →
Comments